000
002460000a22000970004500
100
1
_a
Lutzke, Anselmo
245
1
0
_a
Observar tempos : Uma necessidade humana
300
_a
Vol. 1, Num. 3 (Diciembre, 2000), Página 16
773
0
_t
TEAR
942
_c
ANA
999
_c
55785
_d
55785